000 00479nam a2200217 454500
001 027036
003 BD-ChCU
008 Eng
020 _ax
040 _aDLC
_cDLC
_dBD-ChCU
082 0 0 _a184/HAR
100 1 _aHagerty, Thomas.
_bx
245 1 0 _aReview notes and study guide to the republic and the dialogue of plato
_bx
250 _ax
260 _ax
_bx
_c1900
300 _a112
504 _ax
650 0 _aPlato
_bPlato
700 1 _ax
942 _2ddc
_cBK
999 _c27036
_d27036